La organización comunitaria funcional: una alternativa jurídica
Salvato in:
| Autore principale: | |
|---|---|
| Natura: | Libro |
| Lingua: | spagnolo |
| Pubblicazione: |
Santiago
Programa de Economía del Trabajo
1990
|
| Serie: | Cartilla de Capacitacion y Difusion, 5
|
| Soggetti: | |
| Tags: |
Aggiungi Tag
Nessun Tag, puoi essere il primo ad aggiungerne!!
|
MARC
| LEADER | 00000nam a2200000 a 4500 | ||
|---|---|---|---|
| 001 | UCY0133 | ||
| 003 | CL-VaPUC | ||
| 008 | 940713e19900000CL |||||||||||||||||spa|d | ||
| 082 | 0 | 4 | |a 303.3 |b ESP |2 21 |
| 100 | 0 | |a Espinoza, Carmen |e author |9 327747 | |
| 245 | 1 | 3 | |a La organización comunitaria funcional: una alternativa jurídica |
| 300 | |a 30 p | ||
| 942 | |c BK | ||
| 945 | |d 19940713 00:00:00 |a rbrito | ||
| 260 | |a Santiago |b Programa de Economía del Trabajo |c 1990 | ||
| 650 | 7 | |a ORGANIZACION DE LA COMUNIDAD ASPECTOS JURIDICOS |2 CL-VaPUC |9 327748 | |
| 583 | |a last modification |c 19940713 00:00:00 |k Rodrigo Vera | ||
| 490 | 0 | |a Cartilla de Capacitacion y Difusion, 5 | |
| 999 | |c 229215 |d 229213 | ||
| 952 | |0 0 |1 0 |4 0 |6 303_300000000000000_ESP_1990 |7 0 |8 A |9 230064 |a BIBGIM |b BIBGIM |d 2019-11-15 |i 2989115 |o 303.3 ESP 1990 |p 2989115 |r 2025-01-15 |w 2019-11-15 |y BK |k SSL | ||